000 02117nam a22002897a 4500
008 251111b |||||||| |||| 00| 0 eng d
020 _a9781633696846
040 _ctbs
041 _aeng
050 _aTA347.A78
_bH456 2018
245 _aHBR's 10 must reads on AI, analytics, and the new Machine Age.
246 _aHarvard Business Review's ten must reads on AI, analytics, and the new Machine Age.
246 _aOn AI, analytics, and the new Machine Age.
246 _aAI, analytics, and the new Machine Age.
247 _aOn artificial intelligence, analytics, and the new Machine Age.
247 _aArtificial intelligence, analytics, and the new Machine Age.
260 _aBoston, MA :
_bHarvard Business Review Press,
_c2019.
300 _a181 pages :
_billustrations ;
_c21 cm.
490 _aHBR's 10 must reads
520 _aIntelligent machines are revolutionizing business. Machine learning and data analytics are powering a wave of groundbreaking technologies. Is your company ready? If you read nothing else on how intelligent machines are revolutionizing business, read these 10 articles. We've combed through hundreds of Harvard Business Review articles and selected the most important ones to help you understand how these technologies work together, how to adopt them, and why your strategy can't ignore them. In this book you'll learn how: Data science, driven by artificial intelligence and machine learning, is yielding unprecedented business insights; Blockchain has the potential to restructure the economy; Drones and driverless vehicles are becoming essential tools; 3-D printing is making new business models possible; Augmented reality is transforming retail and manufacturing; Smart speakers are redefining the rules of marketing; Humans and machines are working together to reach new levels of productivity.
650 0 _aArtificial Intelligence
_914147
650 0 _aDisruptive technologies
_922980
650 0 _aData mining
_97979
650 0 _aIndustrial management
_920469
710 _aHarvard Business Review Press (Firm)
_925086
942 _2lcc
999 _c5164
_d5164